OPHTHALMIC DICTIONARY & VOCABULARY BUILDER FOR EYS CARE PROFESSIONALS (Record no. 10242)

MARC details
000 -LEADER
fixed length control field 00353nam a22001457a 4500
003 - CONTROL NUMBER IDENTIFIER
control field SGT
082 ## - DEWEY DECIMAL CLASSIFICATION NUMBER
Classification number 617.7
Item number O12S
100 ## - MAIN ENTRY--PERSONAL NAME
Personal name STEIN, HAROLD A.
245 ## - TITLE STATEMENT
Title OPHTHALMIC DICTIONARY & VOCABULARY BUILDER FOR EYS CARE PROFESSIONALS
250 ## - EDITION STATEMENT
Edition statement 4TH
260 ## - PUBLICATION, DISTRIBUTION, ETC. (IMPRINT)
Place of publication, distribution, etc 2012
Name of publisher, distributor, etc INDIA
Year of Publication JAYPEE
300 ## - PAGE DESCRIPTION
No. of Pages 2012
650 ## - SUBJECT ADDED ENTRY--TOPICAL TERM
Topical term or geographic name as entry element OPHTHALMOLOGY
942 ## - ADDED ENTRY ELEMENTS (KOHA)
Source of classification or shelving scheme Dewey Decimal Classification
Koha item type Books
Holdings
Withdrawn status Lost status Source of classification or shelving scheme Damaged status Not for loan Collection code Home library Current library Shelving location Date acquired Vendor Name Cost, normal purchase price SGTU Bill Number Total Checkouts Full call number Accession No. (Barcode) Date last seen Date last borrowed Bill Date Koha item type
    Dewey Decimal Classification     MEDICAL SGT Medical Library SGT Medical Library Text Book 14/12/2016 ABC 995.00 SGTU 6436 1 617.7 O12S FM7786 07/03/2019 18/02/2019 02/01/2016 Books
    Dewey Decimal Classification     MEDICAL SGT Medical Library SGT Medical Library Text Book 14/12/2016 ABC 995.00 SGTU 6436   617.7 O12S FM7787 14/12/2016   02/01/2016 Books
    Dewey Decimal Classification     MEDICAL SGT Medical Library SGT Medical Library Text Book 14/12/2016 ABC 995.00 SGTU 6436 1 617.7 O12S FM7788 11/03/2019 18/02/2019 02/01/2016 Books
    Dewey Decimal Classification     MEDICAL SGT Medical Library SGT Medical Library Text Book 14/12/2016 ABC 995.00 SGTU 6436   617.7 O12S FM7789 14/12/2016   02/01/2016 Books
    Dewey Decimal Classification     MEDICAL SGT Medical Library SGT Medical Library Text Book 14/12/2016 ABC 995.00 SGTU 6436 1 617.7 O12S FM7790 11/03/2019 18/02/2019 02/01/2016 Books